| 000 | 01531nam a2200241 a 4500 | ||
|---|---|---|---|
| 001 | 087948 | ||
| 003 | BD-ChCU | ||
| 005 | 20251126123943.0 | ||
| 008 | 251126016 abg b 001 ben | ||
| 020 | _a9789843419231 | ||
| 040 |
_aDLC _cDLC _dBD-ChCU |
||
| 082 | 0 | 0 | _a৩৭১.০৭৭/নোমা৮৯ই |
| 100 | 1 | _aনোমান, সাইয়েদ মুহাম্মদ আবু | |
| 245 | 0 | 0 |
_aইসলামী জ্ঞান-বিজ্ঞান প্রচার ও প্রসারে চট্টগ্রাম দারুল উলুম আলিয়া মাদরাসার অবদান/ _c _cসাইয়েদ মুহাম্মদ আবু নোমান |
| 246 | 0 | 0 | _aIslami ghan-bighan prochar o proshare Chattagram darul ulum alia madrashar abodan |
| 250 | _aসং | ||
| 260 |
_aচট্টগ্রাম : _cআলহাজ্ব আবুল কালাম প্রকাশক: _c২০১৭ |
||
| 300 | _a৫২৮পৃ. | ||
| 504 | _aIncludes index and bibliograpy(L1-8).কম্পিউটার পান্ডুলিপি(ফটোকপি)। থিসিস (পিএইচ.ডি) -- চট্টগ্রাম বিশ্ববিদ্যালয়, ২০১৫ | ||
| 650 | 0 |
_aচট্টগ্রাম, দারুল উলুম আলিয়া মাদরাসা -জ্ঞান বিজ্ঞান প্রসারে অবদান _916972 |
|
| 650 | _aChattagram, Darul Ulum Alia Madrasha | ||
| 942 |
_2ddc _cBK |
||
| 999 |
_c109867 _d109867 |
||